Leitfaden zum Studium der Nationalökonomie
Saved in:
| Format: | Book |
|---|---|
| Language: | German |
| Published: |
Bern
A. Francke
1945
|
| Tags: |
No Tags, Be the first to tag this record!
|
MARC
| LEADER | 00000nam a2200000 4500 | ||
|---|---|---|---|
| 001 | 0268572 | ||
| 005 | 20240822101712.1 | ||
| 041 | 0 | |a ger | |
| 044 | |a CH | ||
| 245 | 1 | 0 | |a Leitfaden zum Studium der Nationalökonomie |c Alfred Amonn |
| 264 | 1 | |a Bern |b A. Francke |c 1945 | |